Traité Théorique Et Pratique D'instruction Criminelle Et De Procédure Pénale, (Record no. 72152)
[ view plain ]
| 000 -LEADER | |
|---|---|
| fixed length control field | 01236nam a2200313 i 4500 |
| 003 - CONTROL NUMBER IDENTIFIER | |
| control field | EG-GICUC |
| 005 - DATE AND TIME OF LATEST TRANSACTION | |
| control field | 20260420130526.0 |
| 008 - FIXED-LENGTH DATA ELEMENTS--GENERAL INFORMATION | |
| fixed length control field | 260420s1907 fr fr|||| 001 0 fre d |
| 040 ## - CATALOGING SOURCE | |
| Original cataloging agency | EG-GiCUC |
| Language of cataloging | fre |
| Transcribing agency | EG-GiCUC |
| Modifying agency | EG-GiCUC |
| Description conventions | Rda |
| 041 ## - LANGUAGE CODE | |
| Language code of text/sound track or separate title | fre |
| 082 04 - DEWEY DECIMAL CLASSIFICATION NUMBER | |
| Edition number | 21 |
| Classification number | 343.3 |
| Item number | GA . D |
| 092 04 - LOCALLY ASSIGNED DEWEY CALL NUMBER (OCLC) | |
| Edition number | 21 |
| 099 ## - LOCAL FREE-TEXT CALL NUMBER (OCLC) | |
| Classification number | Law1 10 343.3 Ga . D 1 Ed - 1907 |
| 100 1# - MAIN ENTRY--PERSONAL NAME | |
| Personal name | Garraud, R |
| Relator term | Auteur |
| 245 ## - TITLE STATEMENT | |
| Title | Traité Théorique Et Pratique D'instruction Criminelle Et De Procédure Pénale, |
| Statement of responsibility, etc. | Par R. Garraud. |
| 250 ## - EDITION STATEMENT | |
| Edition statement | Tome Premier. |
| 264 ## - PRODUCTION, PUBLICATION, DISTRIBUTION, MANUFACTURE, AND COPYRIGHT NOTICE | |
| Place of production, publication, distribution, manufacture | Paris : |
| Name of producer, publisher, distributor, manufacturer | Librairie de la Société du Recueil J.-B. Sirey & du Journal du Palais, |
| Date of production, publication, distribution, manufacture, or copyright notice | 1907. |
| 300 ## - PHYSICAL DESCRIPTION | |
| Extent | 686 page : |
| Other physical details | illustration ; |
| Dimensions | 24 cm. |
| 336 ## - CONTENT TYPE | |
| Source | rda contenu |
| Content type term | texte |
| 337 ## - MEDIA TYPE | |
| Source | rda medias |
| Media type term | Ordinateur |
| 338 ## - CARRIER TYPE | |
| Source | transporteur rda |
| Carrier type term | Ressource en ligne |
| 500 ## - GENERAL NOTE | |
| General note | De La Société Du Recueil J.-b. Sirey & Du Journal Du Palais Ancienne Maison L. Larose Et Forcel 22, Rue Soufflot, Paris, 5e Arrdt. |
| 650 1# - SUBJECT ADDED ENTRY--TOPICAL TERM | |
| Topical term or geographic name entry element | Procédure pénale, |
| Form subdivision | Droit pénal. |
| Source of heading or term | qrmak |
| 651 1# - SUBJECT ADDED ENTRY--GEOGRAPHIC NAME | |
| Source of heading or term | qrmak |
| 710 ## - ADDED ENTRY--CORPORATE NAME | |
| Corporate name or jurisdiction name as entry element | École Khédiviale de Droit. |
| Subordinate unit | Bibliothèque, |
| Location of meeting | former owner. |
| 856 40 - ELECTRONIC LOCATION AND ACCESS | |
| Uniform Resource Identifier | <a href="https://fll.law.cu.edu.eg/fulltext/bks/B10-10792.pdf">https://fll.law.cu.edu.eg/fulltext/bks/B10-10792.pdf</a> |
| 905 ## - Cataloger and Reviser Names | |
| Cataloger Name: | Ganna Ahmed |
| 942 ## - ADDED ENTRY ELEMENTS (KOHA) | |
| Source of classification or shelving scheme | Dewey Decimal Classification |
| Koha item type | Books |
| Edition | 21 |
| Suppress in OPAC | No |
| Withdrawn status | Lost status | Source of classification or shelving scheme | Damaged status | Not for loan | Collection | Home library | Current library | Date acquired | Total checkouts | Full call number | Barcode | Date last seen | Copy number | Price effective from | Koha item type |
|---|---|---|---|---|---|---|---|---|---|---|---|---|---|---|---|
| Dewey Decimal Classification | Not for loan | القانون الجنائي | جــــامعة القــاهرة | مكتبة كلية الحقوق - المبنى الرئيسي | 20.04.2026 | Law1 10 343.3 Ga . D 1 Ed - 1907 1010792 C1 | B10-10792 | 20.04.2026 | 1 | 20.04.2026 | Books |